ბათუმის შოთა რუსთაველის სახელმწიფო უნივერსიტეტის ბიბლიოთეკა

Практикум по хранению и переработке плодов и овощей (ბიბ.ჩანაწერი № 46245)

000 -LEADER
fixed length control field 00642nam a2200205Ia 4500
001 - CONTROL NUMBER
control field 13078
003 - CONTROL NUMBER IDENTIFIER
control field GE_BSU
008 - FIXED-LENGTH DATA ELEMENTS--GENERAL INFORMATION
fixed length control field 181216s||||||||xx |||||||||||||| ||und||
040 ## - CATALOGING SOURCE
Transcribing agency GE_BSU
080 ## - UNIVERSAL DECIMAL CLASSIFICATION NUMBER
Universal Decimal Classification number 664.8(075.8)
100 ## - MAIN ENTRY--PERSONAL NAME
Personal name Широков,Е.П.
245 ## - TITLE STATEMENT
Title Практикум по хранению и переработке плодов и овощей
245 ## - TITLE STATEMENT
Statement of responsibility, etc. Ред.Ю.Г.Челышкин
260 ## - PUBLICATION, DISTRIBUTION, ETC.
Place of publication, distribution, etc. Москва
260 ## - PUBLICATION, DISTRIBUTION, ETC.
Name of publisher, distributor, etc. Колос
260 ## - PUBLICATION, DISTRIBUTION, ETC.
Date of publication, distribution, etc. 1964
300 ## - PHYSICAL DESCRIPTION
Extent 348стр.илл.20см.
653 ## - INDEX TERM--UNCONTROLLED
Uncontrolled term Практикум по хранению и переработке плодов и овощей
942 ## - ADDED ENTRY ELEMENTS (KOHA)
Koha item type წიგნი
ეგზემპლარები
Withdrawn status Lost status Damaged status Not for loan Date acquired Barcode Date last seen Price effective from Koha item type
        2018-12-17 21087 2018-12-17 2018-12-17 წიგნი